00690nam a22002297a 4500003000200000005001700002008000200019010001300021020002100034035002300055037001600078040001500094082001800109100001800127245005700145260004100202270009400243300002700337500005200364650001200416650003200428020180723145607.00 aB-217060 c00.00a818916192 aB-217060, B-217061 bCen Lib/Ret aDPLbENc0 a338.4791bMAK aMakan, Dileep aTourism as an economic enterprise /cby Dileep Makan aNew DelhibAdhyayan Publishersc2006 a4378/4B, 105, J.M.D. House, Murari Lal Street, Ansari Road, Darya GanjbNew Delhie110002 a269p.:c24cm(Hb)bill. aIncludes bibliographical references and index  aTourism aTourism--Potential industry